000 00563nja a2200193 a 4500
003 BLK
005 20180421003621.0
008 180414c bul|r|ner|||| 00| c0bul d
010 _aNOT00002195042
040 _aBLK
100 1 _aРавель, Морис
_eпърви автор
_9113815
245 1 0 _aПрелюдия
_cМорис Равель.
257 _aBGR
380 _a7
773 _0309425
_9661592
_aРавель, Морис
_tКлавирно студио
852 _aЦб М ІІ 11715
942 _cNOT
_n0
944 _aCR
_c18.05.2007
_kИрена_Линкова
944 _aED
_c27.11.2007
_k
999 _c309467
_d309467